Deel 19, № 1-2; Physica

Detalles Bibliográficos
Parent link:Physica: journal. Deel 19, № 1-2.— , 1933, 1950-1973
Idioma:inglés
Publicado: 1953
Formato: MixedMaterials Libro
KOHA link:https://koha.lib.tpu.ru/cgi-bin/koha/opac-detail.pl?biblionumber=580282

MARC

LEADER 00000nam2a2200000 4500
001 580282
005 20231101130540.0
035 |a (RuTPU)RU\TPU\prd\279955 
035 |a RU\TPU\prd\279927 
090 |a 580282 
100 |a 20180915b19331973k y0engy50 ba 
101 0 |a eng 
102 |a NL 
200 0 |a Deel 19, № 1-2 
210 |d 1953 
461 1 |0 (RuTPU)RU\TPU\prd\323  |t Physica  |o journal  |v Deel 19, № 1-2  |d 1933, 1950-1973 
801 0 |a RU  |b 63413507  |c 20010227  |g PSBO 
801 1 |a RU  |b 63413507  |c 20150205 
801 2 |a RU  |b 63413507  |c 20181119  |g RCR 
942 |c BK 
999 |a НТБ_ТПУ  |b НФ  |e -8/20180109  |p П-3703  |u 0,00  |v 1  |x 3187